Pintura y manierismo

Uloženo v:
Podrobná bibliografie
Hlavní autor: Hauser, Arnold (Autor)
Médium: Kniha
Jazyk:španělština
Vydáno: Madrid Guadarrama 1972
Edice:Colección Universitaria de Bolsillo. Punto Omega, 131
Témata:
Tagy: Přidat tag
Žádné tagy, Buďte první, kdo vytvoří štítek k tomuto záznamu!

MARC

LEADER 00000nam a2200000 a 4500
001 UCN3022
003 CL-VaPUC
005 20231109123717.0
008 010615e19720000SP |||||||||||||||||spa|d
999 |c 296037  |d 296035 
040 |c Pontificia Universidad Católica de Valparaíso 
082 0 4 |a 759.03 HAU 1972  |2 21 
100 |a Hauser, Arnold  |e author  |9 575005 
245 1 0 |a Pintura y manierismo 
260 |a Madrid  |b Guadarrama  |c 1972 
300 |a 284 p 
490 0 |a Colección Universitaria de Bolsillo. Punto Omega, 131 
500 |a Reproduce este libro la segunda parte de la obra El Manierismo, Crisis del Renacimiento y Orígen del Arte Moderno 
583 |a last modification  |c 20010615 00:00:00  |k Rodrigo Vera 
650 0 |a Manierismo  |9 268679 
650 0 |a Pintura, siglo 16  |2 CL-VaPUC  |9 459413 
650 0 |a Pintura italiana  |9 265293 
942 |c BK  |2 ddc 
945 |d 20010615 00:00:00  |a crobeson